<?xml version="1.0" encoding="UTF-8"?>
<collection xmlns="http://www.loc.gov/MARC21/slim">
 <record>
  <leader>03850nam a2200301 a 4500</leader>
  <controlfield tag="001">kal2474</controlfield>
  <controlfield tag="003">Gr-AtHEAL</controlfield>
  <controlfield tag="005">20160427132217.0</controlfield>
  <controlfield tag="006">m        d        </controlfield>
  <controlfield tag="008">160413s2015    gr      s           gre|c</controlfield>
  <datafield tag="020" ind1=" " ind2=" ">
   <subfield code="a">9789606031083</subfield>
  </datafield>
  <datafield tag="040" ind1=" " ind2=" ">
   <subfield code="a">GR-AtHEAL</subfield>
   <subfield code="b">gre</subfield>
   <subfield code="c">GR-AtHEAL</subfield>
  </datafield>
  <datafield tag="082" ind1="0" ind2="4">
   <subfield code="a">005.4</subfield>
   <subfield code="2">23</subfield>
  </datafield>
  <datafield tag="100" ind1="1" ind2=" ">
   <subfield code="a">Σιδηρόπουλος, Αντώνιος.</subfield>
   <subfield code="8">2095</subfield>
  </datafield>
  <datafield tag="245" ind1="1" ind2="0">
   <subfield code="a">Εισαγωγή στα λειτουργικά συστήματα</subfield>
   <subfield code="h">[Ηλεκτρονικός πόρος] </subfield>
   <subfield code="b">Με χρήση και προγραμματισμό του κελύφους</subfield>
   <subfield code="c">Σιδηρόπουλος, Αντώνιος ; Κριτικός αναγνώστης,Δασυγένης, Μηνάς ; Τεχνική επιμέλεια,Κουμπή, Βασιλάντα ; Γλωσσική επιμέλεια,Χατζόγλου, Φώτιος.</subfield>
  </datafield>
  <datafield tag="260" ind1=" " ind2=" ">
   <subfield code="a">Αθήνα :</subfield>
   <subfield code="b">Σύνδεσμος Ελληνικών Ακαδημαϊκών Βιβλιοθηκών,</subfield>
   <subfield code="c">c2015.</subfield>
  </datafield>
  <datafield tag="490" ind1=" " ind2=" ">
   <subfield code="a">Ακαδημαϊκά Ηλεκτρονικά Συγγράμματα και Βοηθήματα Κάλλιπος</subfield>
   <subfield code="8">40</subfield>
  </datafield>
  <datafield tag="520" ind1=" " ind2=" ">
   <subfield code="a">Το βιβλίο αποτελεί έναν αναλυτικό εργαστηριακό οδηγό (και όχι μόνο) για τους φοιτητές που παρακολουθούν το μάθημα &quot;Εισαγωγή στα Λειτουργικά Συστήματα&quot;. Η φιλοσοφία του μαθήματος (με βάση τον νέο οδηγό σπουδών του τμήματος Μηχ. Πληροφορικής) είναι να εισάγει τον φοιτητή στις βασικές έννοιες των Λειτουργικών συστημάτων (διεργασίες, μνήμη, σύστημα αρχείων κτλ) μέσα από τη χρήση του UNIX(Linux) και του shell. Σκοπός δεν είναι η εκμάθηση ενός πλήθους εντολών του Unix, αλλά η κατανόηση του τρόπου με τον οποίο οι εφαρμογές(εντολές) αλληλεπιδρούν μεταξύ τους και με τον πυρήνα του λειτουργικού συστήματος. Αυτό αναπόφευκτα γίνεται μέσα από την εκμάθηση κάποιων εντολών και του τρόπου λειτουργίας του κελύφους (shell) μέσα από τον προγραμματισμό στο κέλυφος. Με το πέρας του μαθήματος ο φοιτητής θα πρέπει να έχει κατανοήσει την φιλοσοφία λειτουργίας ενός λειτουργικού συστήματος (στην περίπτωσή μας το unix) όπως επίσης και να εξοικειωθεί με τη χρήση των γραμμών εντολών (και όχι υποχρεωτικά με τη χρήση γραφικών επιφανειών χρήσης και μεθόδων &quot;drag &amp; drop&quot;).</subfield>
  </datafield>
  <datafield tag="650" ind1=" " ind2="0">
   <subfield code="a">Operating systems (Computers)</subfield>
   <subfield code="8">2691</subfield>
  </datafield>
  <datafield tag="653" ind1=" " ind2=" ">
   <subfield code="a">Κέλυφος</subfield>
  </datafield>
  <datafield tag="653" ind1=" " ind2=" ">
   <subfield code="a">Επιστήμη υπολογιστών / Πληροφορική</subfield>
   <subfield code="a">Αρχές ανάπτυξης λογισμικού</subfield>
  </datafield>
  <datafield tag="653" ind1=" " ind2=" ">
   <subfield code="a">Επιστήμη υπολογιστών / Πληροφορική</subfield>
   <subfield code="a">Λειτουργικά συστήματα</subfield>
  </datafield>
  <datafield tag="700" ind1="1" ind2=" ">
   <subfield code="a">Δασυγένης, Μηνάς</subfield>
   <subfield code="e">Κριτικός αναγνώστης</subfield>
   <subfield code="8">2096</subfield>
  </datafield>
  <datafield tag="856" ind1="4" ind2="0">
   <subfield code="u">http://hdl.handle.net/11419/2474</subfield>
   <subfield code="z">Πλήρες Κείμενο - Full text</subfield>
  </datafield>
  <datafield tag="907" ind1=" " ind2=" ">
   <subfield code="a">.b25678462</subfield>
   <subfield code="b">12-06-18</subfield>
   <subfield code="c">29-07-16</subfield>
  </datafield>
  <datafield tag="949" ind1=" " ind2=" ">
   <subfield code="0">0</subfield>
   <subfield code="1">0</subfield>
   <subfield code="2">ddc</subfield>
   <subfield code="4">0</subfield>
   <subfield code="6">005_400000000000000_ΣΙΔ</subfield>
   <subfield code="7">0</subfield>
   <subfield code="8">KALL</subfield>
   <subfield code="8">605</subfield>
   <subfield code="d">2016-04-13</subfield>
   <subfield code="r">2016-04-13</subfield>
   <subfield code="w">2016-04-13</subfield>
   <subfield code="z">005.4 ΣΙΔ</subfield>
   <subfield code="o">SEAB KALLIPOS</subfield>
  </datafield>
  <datafield tag="998" ind1=" " ind2=" ">
   <subfield code="a">80</subfield>
   <subfield code="a">01</subfield>
   <subfield code="a">02</subfield>
   <subfield code="a">03</subfield>
   <subfield code="a">04</subfield>
   <subfield code="a">05</subfield>
   <subfield code="a">06</subfield>
   <subfield code="a">07</subfield>
   <subfield code="a">08</subfield>
   <subfield code="a">09</subfield>
   <subfield code="a">10</subfield>
   <subfield code="a">11</subfield>
   <subfield code="a">12</subfield>
   <subfield code="a">13</subfield>
   <subfield code="a">14</subfield>
   <subfield code="a">15</subfield>
   <subfield code="a">16</subfield>
   <subfield code="a">17</subfield>
   <subfield code="a">18</subfield>
   <subfield code="a">19</subfield>
   <subfield code="a">20</subfield>
   <subfield code="a">21</subfield>
   <subfield code="a">22</subfield>
   <subfield code="a">23</subfield>
   <subfield code="a">24</subfield>
   <subfield code="a">25</subfield>
   <subfield code="a">26</subfield>
   <subfield code="b">10-05-17</subfield>
   <subfield code="c">m</subfield>
   <subfield code="d">z  </subfield>
   <subfield code="e">-</subfield>
   <subfield code="f">gre</subfield>
   <subfield code="g">gr </subfield>
   <subfield code="h">0</subfield>
  </datafield>
  <datafield tag="942" ind1=" " ind2=" ">
   <subfield code="2">ddc</subfield>
   <subfield code="c">KALLIPOS</subfield>
  </datafield>
 </record>
</collection>
